000 01249nab a22002417a 4500
999 _c5637
_d5637
003 OSt
005 20251226211805.0
008 190603e xxum|||| |||| 00| 0 spa d
040 _cPJ
100 _96037
_aBasavilbaso, Marina
245 1 0 _aFirma digital transfronteriza en el Mercosur /
_cMarina Basavilbaso.
260 _cCiudad Autónoma de Buenos Aires :
_aThomson Reuters La Ley,
_b2025.
300 _ap. 5-9
500 _aCita: TR LALEY AR/DOC/1040/2025 Publicado en: RCCyC 2025 (junio) , 5.
505 _aSumario: I. Introducción.— II. Breve recapitulación sobre la firma digital y firma electrónica en Argentina.— III. Apuntes básicos sobre las firmas digitalizadas en Uruguay, Paraguay y Brasil.— IV. Acuerdo de reconocimiento mutuo de certificados de firma digital en el Mercosur.— V. Conclusión.
505 _t¿Te interesa el texto completo? Solicitalo al correo: koha@justierradelfuego.gov.ar
650 0 _91497
_aCODIGO CIVIL Y COMERCIAL
650 0 _9282
_aFIRMA DIGITAL
650 0 _9604
_aTRATADOS INTERNACIONALES
650 0 _9301
_aMERCOSUR
773 0 _02713
_93170
_dCiudad Autónoma de Buenos Aires : Thomson Reuters La Ley, 2015-
_tRevista Código Civil y Comercial. Nº 3 - Junio 2025
942 _2udc
_cANA